00786nam a2200157 a 450000100100000000500170001000800410002702000180006804000250008608200150011111001080012624501730023426001610040730000280056850400320059600004533520201002050056.0150303s2013 dr a 000 0 spa d a9789945885934 aDO-SdBNPbspacBNPHU axxxxbxxxx1 aRepública Dominicana.bInstituto Dominicano de Evaluación e Investigación de la Calidad Educativa10aDominio de los contenidos matemáticos por parte del docente, como factor de éxito o fracaso escolar en el primer ciclo del nivel básico en República Dominicana. aSanto Domingo :bInstituto Dominicano de Evaluación e Investigación de la Calidad Educativa,bCoordinación Educativa y Cultura Centroamericana,c2013. a137 p. :bil. ;c27 cm. aBibliografía : p. 101-105